|
|
|
|
| LEADER |
00934nam a2200229 a 4500 |
| 001 |
12925594 |
| 008 |
100929r20092004maua b 001 0 eng d |
| 010 |
|
|
|a 2002034187
|
| 020 |
|
|
|a 0201796449
|
| 020 |
|
|
|a 9788131713327
|
| 040 |
|
|
|a DLC
|c DLC
|d DLC
|d BD-DhAAL
|
| 082 |
0 |
0 |
|a 004/.36
|2 21
|
| 100 |
1 |
|
|a Liu, M. L.
|q (Mei-Ling L.)
|
| 245 |
1 |
0 |
|a Distributed computing :
|b principles and applications /
|c M.L. Liu.
|
| 260 |
|
|
|a Boston :
|b Pearson/Addison Wesley, ;
|a New Delhi :
|b Pearson Education
|c c2004.[Reprinted 2009]
|
| 300 |
|
|
|a xix, 428 p. :
|b ill. ;
|c 24 cm.
|
| 504 |
|
|
|a Includes bibliographical references and index.
|
| 541 |
1 |
|
|e 00021153
|
| 650 |
|
0 |
|a Electronic data processing
|x Distributed processing.
|
| 852 |
4 |
|
|a Ayesha Abed Library
|j General shelf
|
| 999 |
|
|
|c 9598
|d 9598
|
| 952 |
|
|
|0 0
|1 0
|2 ddc
|4 0
|6 004_360000000000000_LIU_2009
|7 0
|9 12221
|a BRACUL
|b BRACUL
|c GEN
|d 2010-09-30
|g 393.75
|l 0
|o 004.36 LIU
|p 3010021153
|r 2010-09-30
|t 1
|w 2010-09-30
|y BK
|